Historia física y política de Chile: documentos
Salvato in:
| Autore principale: | |
|---|---|
| Natura: | Libro |
| Lingua: | spagnolo |
| Pubblicazione: |
Santiago, Chile
Cámara Chilena de la Construcción
2009
Santiago, Chile Pontificia Universidad Católica de Chile 2009 Santiago, Chile Dirección de Bibliotecas, Archivos y Museos 2009 |
| Serie: | Biblioteca Fundamentos de la Construcción de Chile,
9-11 |
| Soggetti: | |
| Tags: |
Aggiungi Tag
Nessun Tag, puoi essere il primo ad aggiungerne!!
|
MARC
| LEADER | 00000nam a2200000 a 4500 | ||
|---|---|---|---|
| 001 | UCG6913 | ||
| 003 | CL-VaPUC | ||
| 005 | 20250121152149.0 | ||
| 008 | 110602e20090000cl |||||||||||||||||spa|d | ||
| 999 | |c 345022 |d 345020 | ||
| 020 | |a 9789568306083 (o.c) | ||
| 020 | |a 9789568306205 (t.1) | ||
| 020 | |a 9789568306212 (t.2) | ||
| 020 | |a 9789568306229 (t.3) | ||
| 040 | |c Pontificia Universidad Católica de Valparaíso | ||
| 082 | 0 | 4 | |a 983 GAY 2009 |2 21 |
| 100 | |a Gay, Claudio, |e 1800-1873 |9 435569 | ||
| 245 | 1 | 0 | |a Historia física y política de Chile: |b documentos |
| 260 | |a Santiago, Chile |b Cámara Chilena de la Construcción |c 2009 | ||
| 260 | |a Santiago, Chile |b Pontificia Universidad Católica de Chile |c 2009 | ||
| 260 | |a Santiago, Chile |b Dirección de Bibliotecas, Archivos y Museos |c 2009 | ||
| 300 | |a 3 tomos | ||
| 490 | 0 | |a Biblioteca Fundamentos de la Construcción de Chile, |v 9-11 | |
| 583 | |a last modification |c 20130724 05:40:25 |k Rodrigo Vera | ||
| 650 | 0 | |a Historia de Chile |9 265473 | |
| 650 | 7 | |a DOCUMENTOS HISTORICOS |2 CL-VaPUC |9 438868 |z CHILE | |
| 650 | 0 | |a Fuentes Históricas |z CHILE |9 265141 | |
| 852 | |a BIBCUR | ||
| 942 | |c BK |2 ddc | ||
| 945 | |d 20110602 00:00:00 |a cmena | ||
| 952 | |0 0 |1 0 |2 ddc |4 0 |6 983_000000000000000_GAY_2009_2009_2009 |7 0 |8 A |9 443412 |a BIBHIS |b BIBHIS |d 2019-11-22 |h t.1 |i 4781678 |o 983 GAY 2009 2009 2009 |p 4781678 |r 2025-01-20 |t 1 |w 2019-11-22 |y BK |k HIS | ||
| 952 | |0 0 |1 0 |2 ddc |4 0 |6 983_000000000000000_GAY_2009_2009_2009 |7 0 |8 A |9 443413 |a BIBHIS |b BIBHIS |d 2019-11-22 |h t.2 |i 4781686 |o 983 GAY 2009 2009 2009 |p 4781686 |r 2025-01-20 |t 1 |w 2019-11-22 |y BK |k HIS | ||
| 952 | |0 0 |1 0 |2 ddc |4 0 |6 983_000000000000000_GAY_2009_2009_2009 |7 0 |8 A |9 443414 |a BIBHIS |b BIBHIS |d 2019-11-22 |h t.3 |i 4781694 |o 983 GAY 2009 2009 2009 |p 4781694 |r 2025-01-20 |t 1 |w 2019-11-22 |y BK |k HIS | ||